Problemy mężczyzn - Statystyki

Ogólne statystyki
  • Ten quiz został rozwiązany 26 razy
  • Średni wynik to 2 z 7
Statystyki odpowiedzi
Odpowiedzi
% Poprawnych
Zakola
82%
Stulejka
41%
Alkoholizm
35%
Łysina
24%
Jajo klei się do nogi
12%
Ojcostwo
12%
Silver 2 w CS
12%
Nie znaleziono quizów pasujących do podanych kryteriów
Rozkład punktacji
Procent ludzi z każdym wynikiem
Percentyl według liczby udzielonych odpowiedzi
Twoja historia wyników
Nie rozwiązałeś tego quizu